000 00508nam a2200217Ia 4500
999 _c85234
_d85234
003 0100
005 20171018095936.0
008 130307s9999 xx 000 0 und d
040 _cARRUPELIB
050 _aB765.T531 1937
100 _aAquinas, Thomas Saint
_937106
245 _aConcerning being and essence
245 _b(De ente et essentia)
260 _aNew York
260 _bAppleton-Century
260 _c1937
300 _a47p.
300 _b22cm
650 _aMetaphysics
_937211
700 _aLeckie, George G. (tr.)
_937212
942 0 0 _02
_2lcc
_cMONOGRAPH